000 01251cam a22002894a 4500
001 15618145
005 20090813143357.0
008 090209s2010 mau 000 0 eng
010 _a 2009004630
020 _a9780205723812
020 _a0205723810
040 _aDLC
_cDLC
_dDLC
050 0 0 _aP91.6
_b.S28 2010
100 1 _aSavoie, Mike.
245 1 0 _aCareers in media /
_cMike Savoie , Frank Barnas
250 _a2nd ed.
260 _aBoston :
_bAllyn & Bacon,
_cc2010.
300 _avii, 155 p. ;
_c28 cm.
650 0 _aMass media
_xVocational guidance.
650 0 _aCommunication
_xVocational guidance.
700 1 _aBarnas, Frank.
906 _a7
_bcbc
_corignew
_d1
_eecip
_f20
_gy-gencatlg
942 _2lcc
_cBK
999 _c35790
_d35790